What Movie? Back to the Camera XXIII Quiz Stats

 Plays Quiz Updated Sep 12, 2018

Score 0/25 Timer 08:00
2 Plays Today
% Correct
Mean Girls
94%
Paddington
84.1%
The Lone Ranger
73.3%
Dunkirk
73%
It
68.8%
Singin' in the Rain
65.9%
Panic Room
60.7%
Get Out
60.5%
Billy Madison
49%
Pride & Prejudice
48.8%
Kong: Skull Island
48.5%
Milk
46.6%
Thor: Ragnarok
39.3%
% Correct
Spectre
37.5%
Erin Brockovich
34.6%
Forgetting Sarah Marshall
32.6%
Blade Runner 2049
26.9%
Stranger than Fiction
26.3%
12 Angry Men
25.9%
Warrior
25.5%
Unforgiven
24.1%
Jingle All the Way
23.9%
The Tree of Life
23.4%
Lone Survivor
22%
The 'Burbs
18.7%

You're not logged in!

Compare scores with friends on all Sporcle quizzes.
OR
Log In

Sporcle TV

Today on Sporcle TV


Watch our educational content, quiz creation guides, and fun videos on Sporcle TV.

Show Comments

Extras

Top Quizzes Today


Score Distribution

Your Account Isn't Verified!

In order to create a playlist on Sporcle, you need to verify the email address you used during registration. Go to your Sporcle Settings to finish the process.

Report this User

Report this user for behavior that violates our Community Guidelines.

Details: